000
00275 a2200121 4500
000
nam a22 7a 4500
005
20251127152504.0
020
_a
9788192083582
100
_a
Farha Adeeba
_9
853285
245
_a
Sauda
260
_b
Rainfia enterprises
_c
2013
942
_c
TB
999
_c
1465616
_d
1465616